|
|
|
|
| LEADER |
00000nam0a2200000 4500 |
| 001 |
291816 |
| 005 |
20231102000429.0 |
| 035 |
|
|
|a (RuTPU)RU\TPU\book\316405
|
| 090 |
|
|
|a 291816
|
| 100 |
|
|
|a 20150417d1983 km y0rusy50 ca
|
| 101 |
1 |
|
|a rus
|c eng
|
| 102 |
|
|
|a RU
|
| 105 |
|
|
|a a z 001zy
|
| 200 |
1 |
|
|a Арифметические группы
|e пер. с англ.
|f Дж. Хамфри
|g под ред. В. П. Платонова
|
| 210 |
|
|
|a Москва
|c Мир
|d 1983
|
| 215 |
|
|
|a 208 с.
|c ил.
|
| 320 |
|
|
|a Библиогр.: с. 192-201
|
| 320 |
|
|
|a Предметный указатель: с. 202-203
|
| 606 |
1 |
|
|a Группы Ли
|2 stltpush
|3 (RuTPU)RU\TPU\subj\65878
|9 82227
|
| 610 |
1 |
|
|a аддитивная группа
|
| 610 |
1 |
|
|a локальные поля
|
| 610 |
1 |
|
|a компактные группы
|
| 610 |
1 |
|
|a аддитивная сложность
|
| 610 |
1 |
|
|a мультиплитикативные группы
|
| 610 |
1 |
|
|a теорема компактности
|
| 610 |
1 |
|
|a множества Зигеля
|
| 675 |
|
|
|a 512.81
|v 3
|
| 700 |
|
1 |
|a Хамфри
|b Дж.
|g Джеймс
|
| 702 |
|
1 |
|a Платонов
|b В. П.
|4 340
|
| 801 |
|
1 |
|a RU
|b 63413507
|c 20150417
|
| 801 |
|
1 |
|a RU
|b 63413507
|c 20150417
|
| 801 |
|
2 |
|a RU
|b 63413507
|c 20180423
|g RCR
|
| 942 |
|
|
|c BK
|